| 000 | 00726cam a2200277 4500 | ||
|---|---|---|---|
| 001 | ABS67806 | ||
| 008 | 040514n2004 000 0 eng u | ||
| 035 | _a(Sirsi) u126200 | ||
| 245 | _aFocus 1: Somerset, Devon and Cornwall | ||
| 260 | _c2004 | ||
| 490 |
_aEstates Gazette _v(0419) 8 May 2004, 77-93(9) |
||
| 590 | _aABS | ||
| 590 | _aABS | ||
| 650 | _aSOMERSET | ||
| 650 | _aDEVON | ||
| 650 | _aCORNWALL | ||
| 650 | _aPLYMOUTH | ||
| 650 | _aEXETER | ||
| 650 | _aTAUNTON | ||
| 650 | _aOFFICE MARKET | ||
| 650 | _aPROPERTY-COMMERCIAL PROPERTY-RETAIL PROPERTY-RETAIL PROPERTY MARKET | ||
| 650 | _aINDUSTRIAL MARKET | ||
| 650 | _aSOUTHWEST ENGLAND | ||
| 690 | _aCOMMERCIAL PROPERTY-MARKET | ||
| 942 | _n0 | ||
| 999 |
_c117352 _d117352 |
||